Kazimir Malévitch

Uloženo v:
Podrobná bibliografie
Hlavní autor: Fauchereau, Serge (Autor)
Médium: Kniha
Jazyk:španělština
Vydáno: Barcelona Polígrafa 1992
Témata:
Tagy: Přidat tag
Žádné tagy, Buďte první, kdo vytvoří štítek k tomuto záznamu!

MARC

LEADER 00000nam a2200000 a 4500
001 UCO6694
003 CL-VaPUC
008 001027e19920000SP |||||||||||||||||spa|d
082 0 4 |a 759.7  |b FAU  |2 21 
100 0 |a Fauchereau, Serge  |e author  |9 451530 
245 1 0 |a Kazimir Malévitch 
300 |a 222 p 
942 |c BK 
945 |d 20001027 00:00:00  |a crobeson 
260 |a Barcelona  |b Polígrafa  |c 1992 
600 0 7 |a MALEVITCH, KAZIMIR  |2 CL-VaPUC  |9 451531 
650 7 |a PINTORES RUSOS  |2 CL-VaPUC  |9 373974 
650 7 |a PINTURA RUSA  |2 CL-VaPUC  |9 265563 
650 0 |a Cubismo  |9 265275 
650 7 |a SUPREMATISMO  |2 CL-VaPUC  |9 451532 
583 |a last modification  |c 20001027 00:00:00  |k Rodrigo Vera 
999 |c 292167  |d 292165 
952 |0 0  |1 0  |4 0  |6 759_700000000000000_FAU_1992  |7 0  |8 A  |9 342809  |a BIBARQ  |b BIBARQ  |d 2019-11-20  |i 364524K  |l 1  |m 1  |o 759.7 FAU 1992  |p 364524K  |r 2025-01-20  |s 2024-09-02  |w 2019-11-20  |y BK  |k ARQ